Tự học Adobe after effect bằng hình ảnh

שמור ב:
מידע ביבליוגרפי
פורמט: ספר
שפה:Undetermined
נושאים:
תגים: הוספת תג
אין תגיות, היה/י הראשונ/ה לתייג את הרשומה!
Thư viện lưu trữ: Trung tâm Học liệu Trường Đại học Cần Thơ
LEADER 00400nam a2200133Ia 4500
001 CTU_88490
008 210402s9999 xx 000 0 und d
020 |c 10000 
082 |a 006.68 
082 |b T550 
245 0 |a Tự học Adobe after effect bằng hình ảnh 
650 |a Adobe photoshop (computer program) 
904 |i M.Loan,Hải 
980 |a Trung tâm Học liệu Trường Đại học Cần Thơ